Score 0/12 Timer 03:00
2 Plays Today
Question Answer % Correct
A family room or abode for a bearden
85.6%
Moisture that condenses upon cooler bodiesdew
74.3%
Sweet fruit that comes from a palm treedate
63.4%
Porte, дверь, Tür, or θύραdoor
34.9%
Forward, back, inward, reverse, twist, or armstand, e.g.dive
32.1%
English county between Cornwall and SomersetDevon
31.7%
Comedienne Nora who got her big break on 'Saturday Night Live'Dunn
31%
Otto the German painter or Dorothea the famous American nurse and activist, e.g.Dix
26.1%
A river in northeast Scotland that flows 87 miles into the North SeaDee
22.2%
Unit of force in the CGS system of measurementdyne
17.4%
Make a careful detailed search for information, usually by diggingdelve
17.1%
Prepare a house for Passover by removing all yeasty breadsdeleaven
5.5%
Remove Ads.
Support Sporcle.
Get the best of Sporcle when you Go Orange. This ad-free experience offers more features, more stats, and more fun while also helping to support Sporcle. Thank you for becoming a member.

You're not logged in!

Compare scores with friends on all Sporcle quizzes.
OR
Log In

Show Comments

Extras

Top Quizzes Today


Score Distribution

Your Account Isn't Verified!

In order to create a playlist on Sporcle, you need to verify the email address you used during registration. Go to your Sporcle Settings to finish the process.

Report this User

Report this user for behavior that violates our Community Guidelines.

Details: